000 00748nam a22002417a 4500
008 130506b xxu||||| |||| 00| 0 eng d
020 _a9971-51-175-4
082 _222
_a546 COB
100 _aCotton, F Albert
110 _aWilkinson, Geoffrey and Gaus Paul L
245 _a Basic Inorganic Chemistry
250 _a3rd edition
260 _a New York
_bJohn Wiley and Sons
_c1995
300 _a23 cm
_bxii,838 page
_f15
_g23 cm
600 _aInorganic Chemistry
650 _2Inorganic Chemistry
700 _aCotton, F Albert
710 _aWilkinsonm Geoffrey
270 _aNew York
_bNew York
_dUSA
365 _b840.00
_d840.00
942 _2ddc
_cBK
999 _c309
_d309